000 00655nam a2200241Ia 4500
003 OSt
005 20220926014544.0
006 a|||||r|||| 00| 0
007 ta
008 220923b |||||||| |||| 00| 0 eng d
037 _cGeneral Book
040 _aRTL
_cRTL
_beng
041 _2eng
_aeng
082 _aB28910bX, K0
100 _aGale David
_9237826
245 0 _aTheory of linear economic models
260 _aNew York
_bMcGraw-Hill
_c1960
300 _axxi,330P
_ccm.
500 _aBibliography P 323-26
650 _aLinear Programming
942 _hB28910bX, K0
_cGB
_2CC
999 _c629330
_d629330